000 00965nam a22002417a 4500
999 _c16620
_d16620
003 AR-CdUCM
008 190223b ||||| |||| 00| 0 spa d
040 _aMUNICIPALIDAD PROVINCIAL DEL CUSCO
_cBIBLIOTECA MUNICIPAL DEL CUSCO
082 _a869.508 /
_bP210
245 _aSatíricos y costumbristas /
_cselección de Manuel Scorza ; con un estudio de Raúl Porras Barrenechea.
260 _aLima :
_bPatronato del Libro Peruano,
_c1957
300 _a121 páginas ;
_c18 cm.
440 _aSegunda serie de autores peruanos
_917815
500 _aContenido: La sátira en el Perú -- José Joaquin de Larriva -- Manuel Ascencio Segura -- Felipe Pardo y Aliaga...
650 _aCuentos de costumbres
_934
650 _aCuentos peruanos
_97
650 _aPoesía peruana
_9806
700 _aScorza, Manuel,
_91669
700 _aPorras Barrenechea, Raúl,
_91670
710 _aPatronato del Libro Peruano.
_91671
942 _2ddc
_cLIBROS
945 _adavv
_d04/05/2019